C. Mác và Ph. Ăng-Ghen tuyển tập
Tập III của bộ C.Mác và Ph.Ăng-ghen Tuyển tập bao gồm những tác phẩm chọn lọc của C.Mác và Ph.Ăngghen viết trong thời gian từ năm 1862 đến 1 870.
محفوظ في:
| التنسيق: | كتاب |
|---|---|
| اللغة: | Undetermined |
| منشور في: |
Hà Nội
Chính trị Quốc gia
2005
|
| الموضوعات: | |
| الوسوم: |
إضافة وسم
لا توجد وسوم, كن أول من يضع وسما على هذه التسجيلة!
|
| Thư viện lưu trữ: | Trung tâm Học liệu Trường Đại học Cần Thơ |
|---|
| LEADER | 00775nam a2200205Ia 4500 | ||
|---|---|---|---|
| 001 | CTU_110453 | ||
| 008 | 210402s9999 xx 000 0 und d | ||
| 020 | |c 95000 | ||
| 082 | |a 320.5322 | ||
| 082 | |b C101/T.3 | ||
| 245 | 0 | |a C. Mác và Ph. Ăng-Ghen tuyển tập | |
| 260 | |a Hà Nội | ||
| 260 | |b Chính trị Quốc gia | ||
| 260 | |c 2005 | ||
| 520 | |a Tập III của bộ C.Mác và Ph.Ăng-ghen Tuyển tập bao gồm những tác phẩm chọn lọc của C.Mác và Ph.Ăngghen viết trong thời gian từ năm 1862 đến 1 870. | ||
| 526 | |a Chủ nghĩa xã hội khoa học | ||
| 526 | |b ML018 | ||
| 650 | |a Marxism-leninism | ||
| 904 | |i Giang | ||
| 980 | |a Trung tâm Học liệu Trường Đại học Cần Thơ | ||